Changeworks (Record no. 120902)

MARC details
000 -LEADER
fixed length control field 00777cai a22001815a 4500
001 - CONTROL NUMBER
control field E152730
008 - FIXED-LENGTH DATA ELEMENTS--GENERAL INFORMATION
fixed length control field 110418u xxk g 000 0 eng d
035 ## - SYSTEM CONTROL NUMBER
System control number (Sirsi) u152730
041 0# - LANGUAGE CODE
Language code of text/sound track or separate title eng
110 2# - MAIN ENTRY--CORPORATE NAME
Corporate name or jurisdiction name as entry element Changeworks
9 (RLIN) 5935
245 00 - TITLE STATEMENT
Title Changeworks
Medium [electronic resource]
520 ## - SUMMARY, ETC.
Summary, etc. Changeworks grew out of the Lothian & Edinburgh Environmental Partnership, and exists to promote sustainable development and energy efficiency. The website contains links to guidance on improving energy efficiency of homes, recycling, transport and waste.
590 ## - LOCAL NOTE (RLIN)
Local note KA
651 #4 - SUBJECT ADDED ENTRY--GEOGRAPHIC NAME
Geographic name Scotland
Chronological subdivision 1999-
690 ## - LOCAL SUBJECT ADDED ENTRY--TOPICAL TERM (OCLC, RLIN)
Topical term or geographic name as entry element ENVIRONMENTAL AND LAND CONSULTANCY-SUSTAINABILITY
856 40 - ELECTRONIC LOCATION AND ACCESS
Uniform Resource Identifier <a href="https://www.changeworks.org.uk/">https://www.changeworks.org.uk/</a>
Public note View the website free of charge at www.changeworks.org.uk
942 ## - ADDED ENTRY ELEMENTS (KOHA)
Suppress in OPAC 0
Holdings
Withdrawn status Lost status Source of classification or shelving scheme Damaged status Not for loan Home library Current library Shelving location Date acquired Total Checkouts Full call number Barcode Date last seen Copy number Price effective from Koha item type
    Dewey Decimal Classification     Virtual Virtual Online 18/04/2011   ONLINE PUBLICATION 152730-2001 06/08/2019 1 06/08/2019 Online material